Normal view
MARC view
- ابو العلاء المعرى ، احمد بن عبدالله ابن سليمان
Entry Topical Term
001 - CONTROL NUMBER
- control field: 35201
003 - CONTROL NUMBER IDENTIFIER
- control field: JO-AjAnu
005 - DATE AND TIME OF LATEST TRANSACTION
- control field: 20230606075905.0
008 - FIXED-LENGTH DATA ELEMENTS
- fixed length control field: 230606|| aca||aabn | a|a d
040 ## - CATALOGING SOURCE
- Original cataloging agency: JO-AjAnu
- Transcribing agency: JO-AjAnu
150 ## - HEADING--TOPICAL TERM
- Topical term or geographic name entry element: ابو العلاء المعرى ، احمد بن عبدالله ابن سليمان
670 ## - SOURCE DATA FOUND
- Source citation: Work cat.: (JO-AjAnu)18076: تأليف العقاد، عباس محمود, author 35200, رجعة أبي العلاء